<?xml version="1.0" encoding="UTF-8"?><?xml-stylesheet type="text/xsl" href="static/style.xsl"?><OAI-PMH xmlns="http://www.openarchives.org/OAI/2.0/" xmlns:xsi="http://www.w3.org/2001/XMLSchema-instance" xsi:schemaLocation="http://www.openarchives.org/OAI/2.0/ http://www.openarchives.org/OAI/2.0/OAI-PMH.xsd"><responseDate>2026-04-27T21:50:07Z</responseDate><request verb="GetRecord" identifier="oai:uvadoc.uva.es:10324/69751" metadataPrefix="marc">https://uvadoc.uva.es/oai/request</request><GetRecord><record><header><identifier>oai:uvadoc.uva.es:10324/69751</identifier><datestamp>2025-02-20T09:49:21Z</datestamp><setSpec>com_10324_1181</setSpec><setSpec>com_10324_931</setSpec><setSpec>com_10324_894</setSpec><setSpec>col_10324_1387</setSpec></header><metadata><record xmlns="http://www.loc.gov/MARC21/slim" xmlns:doc="http://www.lyncode.com/xoai" xmlns:xsi="http://www.w3.org/2001/XMLSchema-instance" xmlns:dcterms="http://purl.org/dc/terms/" xsi:schemaLocation="http://www.loc.gov/MARC21/slim http://www.loc.gov/standards/marcxml/schema/MARC21slim.xsd">
<leader>00925njm 22002777a 4500</leader>
<datafield tag="042" ind1=" " ind2=" ">
<subfield code="a">dc</subfield>
</datafield>
<datafield tag="720" ind1=" " ind2=" ">
<subfield code="a">Escobedo Monge, Marlene Fabiola</subfield>
<subfield code="e">author</subfield>
</datafield>
<datafield tag="720" ind1=" " ind2=" ">
<subfield code="a">Marcos Temprano, Marianela</subfield>
<subfield code="e">author</subfield>
</datafield>
<datafield tag="720" ind1=" " ind2=" ">
<subfield code="a">Parodi Román, Joaquín</subfield>
<subfield code="e">author</subfield>
</datafield>
<datafield tag="720" ind1=" " ind2=" ">
<subfield code="a">Escobedo Monge, María Antonieta</subfield>
<subfield code="e">author</subfield>
</datafield>
<datafield tag="720" ind1=" " ind2=" ">
<subfield code="a">Alonso Vicente, Carmen</subfield>
<subfield code="e">author</subfield>
</datafield>
<datafield tag="720" ind1=" " ind2=" ">
<subfield code="a">Torres Hinojal, María Carmen</subfield>
<subfield code="e">author</subfield>
</datafield>
<datafield tag="720" ind1=" " ind2=" ">
<subfield code="a">Marugán de Miguelsanz, José Manuel</subfield>
<subfield code="e">author</subfield>
</datafield>
<datafield tag="260" ind1=" " ind2=" ">
<subfield code="c">2024</subfield>
</datafield>
<datafield tag="520" ind1=" " ind2=" ">
<subfield code="a">Cystic fibrosis (CF) is a monogenic disease with different types of mutations that mainly affect the respiratory-digestive system. Calcium (Ca), phosphorus (P), and vitamin D (Vit-D) are essential nutrients for maintaining adequate growth and development, as well as key components in crucial metabolic pathways. Proper diagnosis, treatment, and response are decisive components of precision medicine. Therefore, we conducted a cross-sectional study to evaluate Ca, P, and Vit-D levels along with health and nutritional indicators, regarding their non-skeletal functions, in a series of CF patients. Anthropometric and clinical evaluation, biochemical analysis, dietary survey, and respiratory and pancreatic status were performed. Even though the results showed that all patients had normal dietary and serum Ca levels, 47% of patients had deficient Vit-D intake, 53% of patients had hypovitaminosis D, 35% had insufficient Vit-D levels, 18% had hypophosphatemia, 76% had elevated alkaline phosphate levels, 29% had hypercalciuria, and 65% had hyperphosphaturia. There were no significant differences between homozygous and compound heterozygous patients. Ca, P, and Vit-D levels were associated with body mass index; body composition; physical activity; diet; growth hormones; and the immune, liver, and kidney systems. We suggest a periodically evaluation of Ca and P losses.</subfield>
</datafield>
<datafield tag="024" ind2=" " ind1="8">
<subfield code="a">International Journal of Molecular Sciences, 2024, Vol. 25, Nº. 3, 1900</subfield>
</datafield>
<datafield tag="024" ind2=" " ind1="8">
<subfield code="a">1422-0067</subfield>
</datafield>
<datafield tag="024" ind2=" " ind1="8">
<subfield code="a">https://uvadoc.uva.es/handle/10324/69751</subfield>
</datafield>
<datafield tag="024" ind2=" " ind1="8">
<subfield code="a">10.3390/ijms25031900</subfield>
</datafield>
<datafield tag="024" ind2=" " ind1="8">
<subfield code="a">1900</subfield>
</datafield>
<datafield tag="024" ind2=" " ind1="8">
<subfield code="a">3</subfield>
</datafield>
<datafield tag="024" ind2=" " ind1="8">
<subfield code="a">International Journal of Molecular Sciences</subfield>
</datafield>
<datafield tag="024" ind2=" " ind1="8">
<subfield code="a">25</subfield>
</datafield>
<datafield tag="024" ind2=" " ind1="8">
<subfield code="a">1422-0067</subfield>
</datafield>
<datafield ind1=" " ind2=" " tag="653">
<subfield code="a">Nutritional status</subfield>
</datafield>
<datafield ind1=" " ind2=" " tag="653">
<subfield code="a">Nutrición - Evaluación</subfield>
</datafield>
<datafield ind1=" " ind2=" " tag="653">
<subfield code="a">Calcium</subfield>
</datafield>
<datafield ind1=" " ind2=" " tag="653">
<subfield code="a">Calcio</subfield>
</datafield>
<datafield ind1=" " ind2=" " tag="653">
<subfield code="a">Phosphorus</subfield>
</datafield>
<datafield ind1=" " ind2=" " tag="653">
<subfield code="a">Fósforo</subfield>
</datafield>
<datafield ind1=" " ind2=" " tag="653">
<subfield code="a">Vitamina D</subfield>
</datafield>
<datafield ind1=" " ind2=" " tag="653">
<subfield code="a">Vitamina D</subfield>
</datafield>
<datafield ind1=" " ind2=" " tag="653">
<subfield code="a">Alkaline phosphatase</subfield>
</datafield>
<datafield ind1=" " ind2=" " tag="653">
<subfield code="a">Fosfatasa alcalina (Enzima)</subfield>
</datafield>
<datafield ind1=" " ind2=" " tag="653">
<subfield code="a">Physical activity</subfield>
</datafield>
<datafield ind1=" " ind2=" " tag="653">
<subfield code="a">Ejercicio físico</subfield>
</datafield>
<datafield ind1=" " ind2=" " tag="653">
<subfield code="a">Cystic fibrosis</subfield>
</datafield>
<datafield ind1=" " ind2=" " tag="653">
<subfield code="a">Fibrosis quística</subfield>
</datafield>
<datafield ind1=" " ind2=" " tag="653">
<subfield code="a">Lungs - Diseases</subfield>
</datafield>
<datafield ind1=" " ind2=" " tag="653">
<subfield code="a">Nutrition</subfield>
</datafield>
<datafield ind1=" " ind2=" " tag="653">
<subfield code="a">Medicine</subfield>
</datafield>
<datafield tag="245" ind1="0" ind2="0">
<subfield code="a">Calcium, phosphorus, and vitamin D levels in a series of cystic fibrosis patients: a cross-sectional study</subfield>
</datafield>
</record></metadata></record></GetRecord></OAI-PMH>